000
00416nam a2200145Ia 4500
008
100204s9999 xx 000 0 und d
082
_b
6738
100
_a
काळे वैजयंती
245
_a
शर्यत
260
_b
"गिरगाव बुक स्टॅाल , मुंबई"
_c
1983
300
_a
286
630
_a
शर्यत
730
_a
शर्यत
942
_c
BOOK
999
_c
451176
_d
451173